000 00183 a2200097 4500
020 _a9780021793044
041 _aeng
100 _aVIRGINIA A. ARNOLD
245 _aQUEEN TUT
942 _cBK
999 _c5749
_d5749